00430nam a2200097Ia 4500008004100000100004800041245014700089260002700236650002000263856004900283171212s9999 xx 000 0 und d aHempel, Susanne;Xenakis, Lea;Danz, Marjorie cHempel, Susanne;Xenakis, Lea;Danz, MarjorieaSystematic Reviews for Occupational Safety and Health QuestionsbResources for Evidence Synthesis bRAND Corporationc2016 aHealth Sciences uhttp://jstor.org/stable/10.7249/j.ctt1d9nnzq